<?xml version="1.0" encoding="UTF-8"?>
<record
    xmlns:xsi="http://www.w3.org/2001/XMLSchema-instance"
    xsi:schemaLocation="http://www.loc.gov/MARC21/slim http://www.loc.gov/standards/marcxml/schema/MARC21slim.xsd"
    xmlns="http://www.loc.gov/MARC21/slim">

  <leader>03230nam a2200301 a 4500</leader>
  <controlfield tag="003">OSt</controlfield>
  <controlfield tag="005">20250617103701.0</controlfield>
  <controlfield tag="008">240318s2023    mx a|||| |||| 001 0 spa d</controlfield>
  <datafield tag="020" ind1=" " ind2=" ">
    <subfield code="a">978-607-8082-31-5</subfield>
  </datafield>
  <datafield tag="040" ind1=" " ind2=" ">
    <subfield code="c">CHAP</subfield>
    <subfield code="e">rda</subfield>
  </datafield>
  <datafield tag="082" ind1="0" ind2="0">
    <subfield code="2">22</subfield>
    <subfield code="a">338.17593356</subfield>
    <subfield code="b">M21</subfield>
  </datafield>
  <datafield tag="245" ind1="0" ind2="0">
    <subfield code="a">Maguey aguamiel/pulque :</subfield>
    <subfield code="b">una visi&#xF3;n para el desarrollo territorial /</subfield>
    <subfield code="c">coordinado por Rold&#xE1;n Cruz Edgar Iv&#xE1;n y Carmen Medina Mendoza.</subfield>
  </datafield>
  <datafield tag="264" ind1=" " ind2="1">
    <subfield code="a">Hidalgo, M&#xE9;x. :</subfield>
    <subfield code="b">El Colegio del Estado de Hidalgo,</subfield>
    <subfield code="c">2023.</subfield>
  </datafield>
  <datafield tag="300" ind1=" " ind2=" ">
    <subfield code="a">299 p&#xE1;ginas:</subfield>
    <subfield code="b">figuras, cuadros, tablas, gr&#xE1;ficas.</subfield>
  </datafield>
  <datafield tag="336" ind1=" " ind2=" ">
    <subfield code="2">rdacontent</subfield>
    <subfield code="a">texto</subfield>
    <subfield code="b">txt</subfield>
  </datafield>
  <datafield tag="337" ind1=" " ind2=" ">
    <subfield code="2">rdamedia</subfield>
    <subfield code="a">sin medio</subfield>
    <subfield code="b">n</subfield>
  </datafield>
  <datafield tag="338" ind1=" " ind2=" ">
    <subfield code="2">rdacarrier</subfield>
    <subfield code="a">volumen</subfield>
    <subfield code="b">nc</subfield>
  </datafield>
  <datafield tag="490" ind1="1" ind2=" ">
    <subfield code="a">Planeaci&#xF3;n y desarrollo regional</subfield>
  </datafield>
  <datafield tag="504" ind1=" " ind2=" ">
    <subfield code="a">Incluye referencias bibliogr&#xE1;ficas p&#xE1;ginas : 45-47, 66-67, 95,118-119, 141-144, 164-170, 185-188, 206-209, 228-231, 247-252, 270-271.</subfield>
  </datafield>
  <datafield tag="520" ind1=" " ind2=" ">
    <subfield code="a">A casi cinco a&#xF1;os de su creaci&#xF3;n, la Red Cient&#xED;fica Maguey Nopal (RedMagNop) ha refrendado el compromiso cient&#xED;fico y de constante vinculaci&#xF3;n interinstitucional, tanto con las y los productores que operan sobre la red agroalimentaria maguey-aguamiel-pulque, as&#xED; como con las y los tomadores de decisiones, lo que ha incidido, entre otros impactos, en visibilizar las diferentes voces del quehacer cient&#xED;fico y tecnol&#xF3;gico en la llamada pol&#xED;tica p&#xFA;blica.
La RedMagNop fue creada por un grupo de profesores y profesoras investigadoras de al menos cuatro universidades del estado de Hidalgo: El Colegio del Estado de Hidalgo; la Universidad Tecnol&#xF3;gica del Valle del Mezquital; el Instituto de Ciencias Agropecuarias y la Escuela Superior de Apan (ambos adscritos a la Universidad Aut&#xF3;noma del Estado de Hidalgo). La idea inicial de aglutinarse responde a la necesidad de atender las problem&#xE1;ticas cient&#xED;ficas, tecnol&#xF3;gicas y sociales que demandan las redes agroalimentarias del maguey y nopal en sus diferentes variedades, ponderando al sujeto agrario: ya sea campesino, agro-empresario, campesino-ind&#xED;gena o productor. Al d&#xED;a de hoy, la RedMagNop suma a 15 instituciones de educaci&#xF3;n superior con presencia en siete entidades del pa&#xED;s y tres instituciones extranjeras (dos de Latinoam&#xE9;rica y una en Europa).
As&#xED; pues, durante este corto tiempo las y los integrantes de la RedMagNop contin&#xFA;an visibilizando la diversidad de usos y el car&#xE1;cter polifac&#xE9;tico de la inherente simbiosis de la planta versus ser humano. Bajo tales consignas, nace la presente propuesta editorial ya que intenta reunir tres conceptos que siempre deben estar inmersos en el an&#xE1;lisis territorial de las redes agroalimentarias: sujeto-actor, planta-cadena y territorio-espacio. En suma, en este libro se exponen las visiones, experiencias e incidencias desde las diferentes &#xE1;reas del conocimiento de las y los integrantes de la RedMagNop.</subfield>
  </datafield>
  <datafield tag="650" ind1=" " ind2="7">
    <subfield code="a">Agave</subfield>
    <subfield code="x">Subproductos</subfield>
    <subfield code="x">Aspectos socioecon&#xF3;micos</subfield>
    <subfield code="2"></subfield>
    <subfield code="9">188907</subfield>
  </datafield>
  <datafield tag="650" ind1=" " ind2="4">
    <subfield code="9">188909</subfield>
    <subfield code="a">Pulque</subfield>
    <subfield code="x">Aspectos socioecon&#xF3;micos</subfield>
  </datafield>
  <datafield tag="650" ind1=" " ind2="7">
    <subfield code="a">Agave</subfield>
    <subfield code="x">Subproductos</subfield>
    <subfield code="x">Pol&#xED;ticas p&#xFA;blicas</subfield>
    <subfield code="2"></subfield>
    <subfield code="9">188908</subfield>
  </datafield>
  <datafield tag="700" ind1="1" ind2=" ">
    <subfield code="9">188905</subfield>
    <subfield code="a">Rold&#xE1;n Cruz, Edgar Iv&#xE1;n</subfield>
    <subfield code="e">Coordinador.</subfield>
  </datafield>
  <datafield tag="700" ind1="1" ind2=" ">
    <subfield code="9">73996</subfield>
    <subfield code="a">Medina Mendoza, Carmen</subfield>
    <subfield code="e">Coordinador.</subfield>
  </datafield>
  <datafield tag="830" ind1=" " ind2=" ">
    <subfield code="9">188906</subfield>
    <subfield code="a">Planeaci&#xF3;n y desarrollo regional</subfield>
  </datafield>
  <datafield tag="942" ind1=" " ind2=" ">
    <subfield code="2">ddc</subfield>
    <subfield code="c">LIBRO</subfield>
  </datafield>
  <datafield tag="999" ind1=" " ind2=" ">
    <subfield code="c">219817</subfield>
    <subfield code="d">219817</subfield>
  </datafield>
  <datafield tag="952" ind1=" " ind2=" ">
    <subfield code="0">0</subfield>
    <subfield code="1">0</subfield>
    <subfield code="2">ddc</subfield>
    <subfield code="4">0</subfield>
    <subfield code="5">2</subfield>
    <subfield code="7">0</subfield>
    <subfield code="8">GRAL</subfield>
    <subfield code="a">BC</subfield>
    <subfield code="b">BC</subfield>
    <subfield code="c">PA_GRAL</subfield>
    <subfield code="d">2024-03-18</subfield>
    <subfield code="l">0</subfield>
    <subfield code="o">338.17593356 M21</subfield>
    <subfield code="p">33724002584984</subfield>
    <subfield code="r">2024-03-18 00:00:00</subfield>
    <subfield code="w">2024-03-18</subfield>
    <subfield code="y">LIBRO</subfield>
  </datafield>
  <datafield tag="952" ind1=" " ind2=" ">
    <subfield code="0">0</subfield>
    <subfield code="1">0</subfield>
    <subfield code="2">ddc</subfield>
    <subfield code="4">0</subfield>
    <subfield code="5">2</subfield>
    <subfield code="7">0</subfield>
    <subfield code="8">GRAL</subfield>
    <subfield code="a">BC</subfield>
    <subfield code="b">BC</subfield>
    <subfield code="c">PA_GRAL</subfield>
    <subfield code="d">2024-03-18</subfield>
    <subfield code="l">0</subfield>
    <subfield code="o">338.17593356 M21</subfield>
    <subfield code="p">33724002585025</subfield>
    <subfield code="r">2024-03-18 00:00:00</subfield>
    <subfield code="t">c.2</subfield>
    <subfield code="w">2024-03-18</subfield>
    <subfield code="y">LIBRO</subfield>
  </datafield>
  <datafield tag="952" ind1=" " ind2=" ">
    <subfield code="0">0</subfield>
    <subfield code="1">0</subfield>
    <subfield code="2">ddc</subfield>
    <subfield code="4">0</subfield>
    <subfield code="5">2</subfield>
    <subfield code="7">0</subfield>
    <subfield code="8">GRAL</subfield>
    <subfield code="a">BC</subfield>
    <subfield code="b">BC</subfield>
    <subfield code="c">PA_GRAL</subfield>
    <subfield code="d">2024-03-18</subfield>
    <subfield code="l">0</subfield>
    <subfield code="o">338.17593356 M21</subfield>
    <subfield code="p">33724002585062</subfield>
    <subfield code="r">2024-03-18 00:00:00</subfield>
    <subfield code="t">c.3</subfield>
    <subfield code="w">2024-03-18</subfield>
    <subfield code="y">LIBRO</subfield>
  </datafield>
</record>
